000 00588nam a22002057a 4500
003 OSt
005 20210513151000.0
008 100812s2018 dr 000 0 spa d
020 _a9789945091540
040 _aDO-SdBNP
_bspa
_cBNPHHU
082 _axxxx
_bP979d
100 _aPujols , Sobeida
_933511
245 1 3 _aEl dueño estaba ahi /
_cSobeida Pujols
260 _aSanto Domingo;
_a[s.d.],
_c2018.
300 _av.
_c21 cm.
500 _aIncluye datos biográficos de la autora
500 _aLa biblioteca posee el tomo 1.
590 _aInventariado, 2020 /YL
942 _2ddc
_cLBS1
999 _c49028
_d49028